000 00311 a2200109 4500
000 nam a22 7a 4500
005 20260312112857.0
100 _aBietenholz, Wolfgang
_91131784
245 _aUncovering quantum filed theory and the standard model
260 _bCambridge University Press
_c2024
942 _cAUD
999 _c1715194
_d1715194